<The> Interpretation of Circular Priorities to Central European Business Environment with Focus on Hungary
Myšlienka obehovej ekonomiky presadzovaná tvorcami politík Európskej únie. Holistický prístup k plánovaniu systému pre rozvojové iniciatívy EÚ. Základné pozadie pre interpretáciu kruhovej ekonomiky a hlavné priority počas jeho implementácie. Zameranie na kruhové aplikácie v Maďarsku, ktoré sa podsta...
Na minha lista:
| Autor principal: | |
|---|---|
| Outros Autores: | , |
| Formato: | Capítulo de Livro |
| Idioma: | inglês |
| Assuntos: | |
| Tags: |
Sem tags, seja o primeiro a adicionar uma tag!
|
MARC
| LEADER | 00000naa a2200000 4500 | ||
|---|---|---|---|
| 001 | 0259014 | ||
| 005 | 20191017080816.6 | ||
| 041 | 0 | |a eng | |
| 044 | |a SK | ||
| 245 | 1 | 0 | |a <The> Interpretation of Circular Priorities to Central European Business Environment with Focus on Hungary |c Csaba Fogarassy, Balint Horvath, Maria Borocz |
| 520 | |a Myšlienka obehovej ekonomiky presadzovaná tvorcami politík Európskej únie. Holistický prístup k plánovaniu systému pre rozvojové iniciatívy EÚ. Základné pozadie pre interpretáciu kruhovej ekonomiky a hlavné priority počas jeho implementácie. Zameranie na kruhové aplikácie v Maďarsku, ktoré sa podstatne líšia od západoeurópskej praxe. | ||
| 610 | 2 | 0 | |a ekonomika environmentálna |
| 610 | 2 | 0 | |a ekonomika nová |
| 610 | 2 | 0 | |a hospodárstvo obehové |
| 610 | 2 | 0 | |a modely ekonomické |
| 610 | 2 | 0 | |a podnik |
| 610 | 2 | 0 | |a Maďarsko |
| 610 | 2 | 0 | |a Európska únia |
| 100 | 1 | |a Fogarassy, Csaba | |
| 700 | 1 | |a Horvath, Balint | |
| 700 | 1 | |a Borocz, Maria | |